[Event "51st Groningen Open A 2013"]
[Site "Groningen NED"]
[Date "2013.12.28"]
[Round "7.16"]
[White "De Jong, Migchiel"]
[Black "Garcia Palermo, Carlos"]
[Result "1/2-1/2"]
[WhiteTitle "IM"]
[BlackTitle "GM"]
[WhiteElo "2347"]
[BlackElo "2450"]
[WhiteFideId "1002848"]
[BlackFideId "110124"]
[EventDate "2013.12.21"]

1. d4 Nf6 2. Nf3 e6 3. c4 b6 4. g3 Bb7 5. Bg2 Bb4+ 6. Bd2 c5 7. O-O O-O 8. Nc3
cxd4 9. Nb5 Be7 10. Nbxd4 Na6 11. Bf4 Nh5 12. Be3 f5 13. Nb5 f4 14. Bd4 fxg3 15.
hxg3 d6 16. Ne1 Bxg2 17. Nxg2 Qd7 18. e4 Nf6 19. e5 dxe5 20. Bxe5 Qc6 21. Qe2
Nc5 22. Rae1 a5 23. Nf4 Rad8 24. Nd4 Qc8 25. Qf3 Rf7 26. Nc6 Re8 27. Bd4 Bd6 28.
Ne5 Bxe5 29. Rxe5 Nfd7 30. Re2 e5 31. Rfe1 e4 32. Qh5 Ne5 33. Bxc5 g6 34. Qh1
Qxc5 35. Qxe4 Rfe7 36. Nd5 Re6 37. b3 Nxc4 38. Nf6+ Kf7 39. Nxe8 Rxe4 40. Rxe4
Nd2 41. Rf4+ Kg8 42. Nf6+ Kg7 43. Ne4 Qe5 44. Kg2 h5 45. Re3 Qd5 46. Re2 g5 47.
Rxd2 Qb7 48. Rf6 Qxe4+ 49. f3 Qe1 50. Rfd6 h4 51. Rd7+ Kf8 52. Rd8+ Kf7 53.
R2d7+ Kf6 54. Rd6+ Ke7 55. R8d7+ Ke8 56. Rd8+ Ke7 57. R6d7+ Kf6 58. Rf8+ Kg6 59.
Rg8+ Kf6 60. Rf8+ Kg6 61. Rg8+ Kf6 62. Rf8+ 1/2-1/2

[Event "51st Groningen Open A 2013"]
[Site "Groningen NED"]
[Date "2013.12.28"]
[Round "7.17"]
[White "Lobzhanidze, Davit"]
[Black "Afek, Yochanan"]
[Result "1/2-1/2"]
[WhiteTitle "IM"]
[BlackTitle "IM"]
[WhiteElo "2445"]
[BlackElo "2302"]
[WhiteFideId "13600796"]
[BlackFideId "2800462"]
[EventDate "2013.12.21"]

1. e4 c5 2. d3 Nc6 3. g3 d5 4. Nd2 Nf6 5. Bg2 b6 6. Ngf3 dxe4 7. dxe4 Ba6 8. c4
e6 9. O-O Be7 10. Qa4 Bb7 11. e5 Nd7 12. Ne4 O-O 13. Rd1 Qc7 14. Nd6 Rad8 15.
Nxb7 Qxb7 16. Bf4 Qc7 17. Re1 h6 18. h4 Nd4 19. Rad1 Nxf3+ 20. Bxf3 g5 21. hxg5
hxg5 22. Bc1 Nxe5 23. Qb3 Rd4 24. Be2 Rfd8 25. Be3 R4d7 26. Rxd7 Rxd7 27. Rd1
Rxd1+ 28. Qxd1 Qc6 29. f3 g4 30. f4 Qe4 31. Bc1 Nf3+ 32. Kf2 Bf6 33. Be3 Bxb2
34. Qd8+ Kg7 35. Bd3 Qc6 36. f5 exf5 37. Bxf5 Bf6 38. Qd1 Ne5 39. Bf4 Ng6 40.
Qxg4 Bd4+ 41. Ke2 Qg2+ 42. Kd1 Qf1+ 43. Kd2 Qf2+ 44. Kd1 Be3 45. Be5+ Kf8 46.
Bc3 Bd4 47. Be1 Qf1 48. Bxg6 fxg6 49. Qxg6 Qxc4 50. Bd2 Qa4+ 51. Kc1 Qc4+ 52.
Kd1 Qf1+ 53. Kc2 Qf7 54. Bh6+ Bg7 55. Qd6+ Kg8 56. Bxg7 Kxg7 57. Qe5+ Kh7 58.
Kb1 Qg6+ 59. Kc1 Qg7 60. Qe4+ Kh6 61. Qh4+ Kg6 62. Qe4+ Kf6 63. Qf4+ Ke6 64.
Qe4+ Kd6 65. Qf4+ Qe5 66. Qf8+ Qe7 67. Qf4+ Kc6 68. Qf3+ Kb5 69. Qb3+ Ka6 70.
Qa3+ Kb7 71. Qf3+ Kc7 72. Qf4+ Qd6 73. Qf7+ Kc8 74. Qg8+ Kb7 75. g4 Qf4+ 76. Kc2
c4 77. Qd5+ Kc7 78. g5 Qf2+ 79. Kc3 Qxa2 80. Qe5+ Kd8 81. Qd6+ Kc8 82. Qc6+ Kb8
83. Qe8+ Kb7 84. Qf7+ Kc6 85. Qe6+ Kc7 86. Qe7+ Kc6 87. Qe6+ Kc7 88. Qe7+ 1/2-1/2

[Event "51st Groningen Open A 2013"]
[Site "Groningen NED"]
[Date "2013.12.28"]
[Round "7.18"]
[White "Goudriaan, Etienne"]
[Black "Struik, Tjapko"]
[Result "1/2-1/2"]
[WhiteTitle "FM"]
[WhiteElo "2429"]
[BlackElo "2262"]
[WhiteFideId "1021150"]
[BlackFideId "1011243"]
[EventDate "2013.12.21"]

1. d4 Nf6 2. c4 e6 3. Nc3 Bb4 4. e3 b6 5. Ne2 Ba6 6. Ng3 O-O 7. e4 Bxc3+ 8. bxc3
d6 9. Bd3 e5 10. Bg5 h6 11. h4 Nbd7 12. Qf3 Re8 13. O-O-O hxg5 14. hxg5 Nh7 15.
Rxh7 Qxg5+ 16. Kc2 Nf6 17. Rh2 g6 18. Rdh1 Kg7 19. Ne2 Rh8 20. Rxh8 Rxh8 21.
Rxh8 Kxh8 22. Qh3+ Kg7 23. g3 Qg4 24. Qf1 Qf3 25. Ng1 Qh1 26. f3 Qh2+ 27. Ne2
Nh5 28. g4 Nf4 29. Qg1 Qxg1 30. Nxg1 Kf6 31. Bf1 Kg5 32. Kd2 c5 33. Ke3 Kh4 34.
d5 Kg3 35. Ne2+ Nxe2 36. Bxe2 Bc8 37. Bd3 Bd7 38. Bc2 Be8 39. Bb3 f6 40. Bd1 Bd7
41. Bc2 Kg2 42. Ke2 b5 43. Bd3 bxc4 44. Bxc4 Ba4 45. Bd3 Kg3 46. c4 Kf4 47. Bb1
Bd7 48. Bc2 a5 49. Kf2 Bc8 50. Bb1 Bd7 51. Bc2 Bc8 52. Bb1 Bxg4 53. fxg4 Kxg4
54. Ke3 f5 55. exf5 gxf5 56. Bc2 Kg5 57. Ba4 Kg4 58. Bd7 Kg5 59. Kf3 Kf6 60. Bc8
Kg5 1/2-1/2

[Event "51st Groningen Open A 2013"]
[Site "Groningen NED"]
[Date "2013.12.28"]
[Round "7.19"]
[White "Van Foreest, Jorden"]
[Black "Bellia, Fabrizio"]
[Result "1-0"]
[BlackTitle "IM"]
[WhiteElo "2326"]
[BlackElo "2424"]
[WhiteFideId "1039784"]
[BlackFideId "800511"]
[EventDate "2013.12.21"]

1. c4 e6 2. Nc3 d5 3. d4 Nf6 4. cxd5 exd5 5. Bg5 c6 6. Qc2 Be7 7. e3 O-O 8. Bd3
Nbd7 9. Nge2 Re8 10. O-O Nf8 11. Rae1 g6 12. f3 Ne6 13. Bh4 Bd7 14. e4 Rc8 15.
e5 Nh5 16. Bxe7 Qxe7 17. f4 f5 18. h3 Qh4 19. Qd2 Ng3 20. Nxg3 Qxg3 21. Ne2 Qh4
22. b4 b6 23. Kh2 Ra8 24. a4 c5 25. dxc5 bxc5 26. bxc5 Bxa4 27. Nc3 Bc6 28. Bb5
Rac8 29. Bxc6 Rxc6 30. Nxd5 Rec8 31. Nf6+ Kh8 32. Rb1 Rxc5 33. Rb7 Rc2 34. Qe1
Qh6 35. Rxh7+ Qxh7 36. Nxh7 Kxh7 37. Qh4+ Kg8 38. Qe7 Nf8 39. Qxa7 1-0

[Event "51st Groningen Open A 2013"]
[Site "Groningen NED"]
[Date "2013.12.28"]
[Round "7.20"]
[White "Wacker, Peter"]
[Black "Arslanov, Shamil"]
[Result "0-1"]
[WhiteTitle "FM"]
[BlackTitle "IM"]
[WhiteElo "2293"]
[BlackElo "2403"]
[WhiteFideId "4615751"]
[BlackFideId "4192826"]
[EventDate "2013.12.21"]

1. e4 c5 2. Nf3 e6 3. c4 Nc6 4. Nc3 Nf6 5. d4 cxd4 6. Nxd4 Bb4 7. Nxc6 dxc6 8.
Qxd8+ Kxd8 9. Bd3 e5 10. Bd2 a5 11. a3 Bc5 12. Na4 Bd4 13. Bc3 Bxc3+ 14. bxc3
Kc7 15. c5 Be6 16. Nb6 Rad8 17. Ke2 Nd7 18. Nxd7 Rxd7 19. Rhd1 Bb3 20. Rd2 Rhd8
21. Rb1 a4 22. Rbb2 Rxd3 23. Rxd3 Bc4 24. Rd2 f5 25. f3 f4 26. g4 g5 27. h3 Kb8
28. Rd1 Ka7 29. h4 Rxd3 0-1

[Event "51st Groningen Open A 2013"]
[Site "Groningen NED"]
[Date "2013.12.28"]
[Round "7.23"]
[White "Hoeksema, Hendrik Pieter"]
[Black "Offringa, Joost"]
[Result "0-1"]
[WhiteTitle "IM"]
[WhiteElo "2369"]
[BlackElo "2178"]
[WhiteFideId "1000454"]
[BlackFideId "1025880"]
[EventDate "2013.12.21"]

1. d4 f5 2. Nc3 d5 3. Bf4 a6 4. e3 e6 5. g4 fxg4 6. Qxg4 Nf6 7. Qg2 c5 8. Nf3
Nc6 9. dxc5 b6 10. Bd3 bxc5 11. O-O Bd6 12. Bg5 O-O 13. e4 c4 14. Be2 Qe8 15.
Rfe1 Nxe4 16. Nxe4 dxe4 17. Nd2 Nd4 18. Nxe4 Be7 19. Bd1 Bb7 20. c3 Nf5 21. Bc2
Qc6 22. Rad1 Bc5 23. Kh1 h6 24. Bc1 Nh4 25. Qg4 Rxf2 26. Bxh6 Nf5 0-1

[Event "51st Groningen Open A 2013"]
[Site "Groningen NED"]
[Date "2013.12.28"]
[Round "7.24"]
[White "Pijpers, Arthur"]
[Black "Ypma, Peter"]
[Result "1-0"]
[WhiteElo "2366"]
[BlackElo "2179"]
[WhiteFideId "1019554"]
[BlackFideId "1027255"]
[EventDate "2013.12.21"]

1. e4 e5 2. Nf3 Nc6 3. Bc4 Bc5 4. c3 Nf6 5. d4 exd4 6. cxd4 Bb4+ 7. Nc3 Nxe4 8.
O-O Bxc3 9. d5 Bf6 10. Re1 Ne7 11. Rxe4 d6 12. Bg5 Bxg5 13. Nxg5 O-O 14. Nxh7
Bf5 15. Rh4 Bxh7 16. Qh5 f5 17. Qxh7+ Kf7 18. Qh5+ Kg8 19. Re1 b5 20. Bd3 Qd7
21. Re6 c6 22. Qh7+ Kf7 23. Bxf5 Rh8 24. Rxe7+ Qxe7 25. Qg6+ Kg8 26. Rxh8+ Kxh8
27. Qh7# 1-0

[Event "51st Groningen Open A 2013"]
[Site "Groningen NED"]
[Date "2013.12.28"]
[Round "7.25"]
[White "Minko, Vladimir"]
[Black "Van Osch, Mees"]
[Result "1/2-1/2"]
[WhiteTitle "FM"]
[WhiteElo "2327"]
[BlackElo "2139"]
[WhiteFideId "24146706"]
[BlackFideId "1035967"]
[EventDate "2013.12.21"]

1. d4 Nf6 2. c4 c5 3. d5 b5 4. Nd2 bxc4 5. e4 e6 6. dxe6 dxe6 7. Bxc4 Bb7 8.
Qa4+ Qd7 9. Qxd7+ Nbxd7 10. f3 Bd6 11. Ne2 O-O 12. b3 Be5 13. Rb1 Nb6 14. Bb2
Nfd7 15. Nc1 Bxb2 16. Rxb2 Ne5 17. Be2 Rfd8 18. Rc2 Rac8 19. Rc3 f5 20. Nd3
Nxd3+ 21. Bxd3 Rd4 22. Ke2 fxe4 23. fxe4 Rcd8 24. Nf3 Rxd3 25. Rxd3 Ba6 26. Rd1
Rxd3 27. Rxd3 Kf7 28. Ne5+ Kf6 29. Nc6 Nd7 30. Ke3 Bxd3 31. Kxd3 Ne5+ 32. Nxe5
Kxe5 33. Ke3 g5 34. g3 h6 35. Kd3 Kd6 36. a3 g4 37. Kc4 Kc6 38. Kd3 Kd6 39. Ke3
Ke5 40. Kd3 Kd6 1/2-1/2

[Event "51st Groningen Open A 2013"]
[Site "Groningen NED"]
[Date "2013.12.28"]
[Round "7.26"]
[White "Pel, Bonno"]
[Black "Theulings, Paul-Peter"]
[Result "1/2-1/2"]
[WhiteTitle "FM"]
[BlackTitle "CM"]
[WhiteElo "2313"]
[BlackElo "2130"]
[WhiteFideId "1004760"]
[BlackFideId "1002899"]
[EventDate "2013.12.21"]

1. g3 Nf6 2. Bg2 d5 3. d3 b6 4. c4 e6 5. Nc3 Bb7 6. Nh3 Be7 7. O-O O-O 8. Nf4 c6
9. b3 g5 10. Nfxd5 cxd5 11. Bxg5 Re8 12. Rc1 Nbd7 13. e3 Rc8 14. Qe2 Nc5 15.
Bxf6 Bxf6 16. d4 Ne4 17. Nxe4 dxe4 18. Qc2 Qc7 19. Bxe4 h6 20. f4 Bg7 21. Bxb7
Qxb7 22. Qg2 Qxg2+ 23. Kxg2 f5 24. Kf3 h5 25. h3 Kf7 26. Rg1 Rh8 27. Rcd1 Rcd8
28. Rg2 Bf6 29. Rgd2 Rd7 30. Rd3 Rhd8 31. R3d2 Ke7 32. Rg2 Rh8 33. Rdg1 Kf7 34.
g4 hxg4+ 35. hxg4 Rh3+ 36. Rg3 Rh2 37. R1g2 Rh1 38. g5 Bg7 39. Rg1 Rh2 40. R1g2
Rh1 41. Ke2 Rd8 42. Kd3 Rdh8 43. Rc2 Rd1+ 44. Kc3 a5 45. Rcg2 Rhh1 46. g6+ Kg8
47. Kb2 Bf8 48. c5 bxc5 49. g7 Be7 50. Rg6 cxd4 51. Rxe6 Rb1+ 52. Kc2 Rbc1+ 53.
Kb2 Rb1+ 54. Kc2 Rbc1+ 55. Kb2 Rb1+ 56. Kc2 1/2-1/2

[Event "51st Groningen Open A 2013"]
[Site "Groningen NED"]
[Date "2013.12.28"]
[Round "7.27"]
[White "Mostertman, Milan"]
[Black "Markus, John Raymond"]
[Result "1-0"]
[WhiteElo "2304"]
[BlackElo "2118"]
[WhiteFideId "1025848"]
[BlackFideId "1001213"]
[EventDate "2013.12.21"]

1. e4 e5 2. Nf3 Nc6 3. Bc4 Nf6 4. Ng5 d5 5. exd5 Na5 6. Bb5+ c6 7. dxc6 bxc6 8.
Bd3 Bc5 9. O-O O-O 10. Nc3 h6 11. Nge4 Bd4 12. Nxf6+ Qxf6 13. Be4 Qh4 14. g3 Qe7
15. Bg2 Rb8 16. Rb1 Bf5 17. Ne2 Rfd8 18. Nxd4 exd4 19. d3 c5 20. Bf4 Rb6 21. Re1
Re6 22. Rxe6 Bxe6 23. b3 Bd5 24. Bxd5 Rxd5 25. Qe1 Qxe1+ 26. Rxe1 Nc6 27. Re8+
Kh7 28. a3 g5 29. Rc8 Nd8 30. Bd2 Ne6 31. f3 h5 32. Kf2 Kg6 33. h3 Rd6 34. Rh8
Rd8 35. Rxd8 Nxd8 36. c4 dxc3 37. Bxc3 Ne6 38. Ke3 h4 39. gxh4 gxh4 40. Be1 Kh5
41. f4 f5 42. b4 cxb4 43. axb4 a6 44. Bf2 Kg6 45. Bxh4 Kf7 46. Bg5 Ke8 47. h4
Kd7 48. h5 Kd6 49. h6 Nf8 50. Kd4 Nh7 51. Kc4 Kc6 52. d4 Kd6 53. Bh4 Nf8 54. Bf6
Nh7 55. Bg7 Kc6 56. d5+ Kd6 57. Kd4 1-0

[Event "51st Groningen Open A 2013"]
[Site "Groningen NED"]
[Date "2013.12.28"]
[Round "7.28"]
[White "Beerdsen, Thomas"]
[Black "Heemskerk, Wim"]
[Result "0-1"]
[BlackTitle "FM"]
[WhiteElo "2154"]
[BlackElo "2240"]
[WhiteFideId "1030108"]
[BlackFideId "1001000"]
[EventDate "2013.12.21"]

1. e4 e6 2. d4 d5 3. Nc3 Nf6 4. e5 Nfd7 5. f4 c5 6. Nf3 Nc6 7. Be3 a6 8. Qd2 b5
9. dxc5 Bxc5 10. Bd3 Qb6 11. Bf2 Bb7 12. O-O Bxf2+ 13. Rxf2 Nc5 14. Re1 Rd8 15.
Kh1 b4 16. Nd1 Ne4 17. Qe2 Nxf2+ 18. Nxf2 Ne7 19. Rf1 h6 20. Nh4 Qd4 21. Ng4 Rc8
22. Qf3 h5 23. Ne3 g5 24. fxg5 Qxh4 25. Qxf7+ Kd7 26. Rf6 Qe1+ 27. Nf1 Qxe5 28.
Qg7 Rhg8 0-1

[Event "51st Groningen Open A 2013"]
[Site "Groningen NED"]
[Date "2013.12.28"]
[Round "7.29"]
[White "Dehn, Marcus"]
[Black "Burg, Brent"]
[Result "1/2-1/2"]
[WhiteElo "2135"]
[BlackElo "2227"]
[WhiteFideId "4667093"]
[BlackFideId "1019465"]
[EventDate "2013.12.21"]

1. d4 f5 2. Nc3 Nf6 3. Bg5 d5 4. Bxf6 exf6 5. e3 Be6 6. h4 Qd7 7. h5 Nc6 8. Bb5
a6 9. Bxc6 Qxc6 10. Nge2 O-O-O 11. Qd3 Be7 12. O-O-O Qd7 13. Kb1 g5 14. hxg6
hxg6 15. Nf4 Bf7 16. Qd2 g5 17. Nd3 Qd6 18. Ne2 Bh5 19. Rdg1 Qe6 20. Nec1 Rh7
21. Nc5 Bxc5 22. dxc5 Rdh8 23. Nb3 Be8 24. Rxh7 Rxh7 25. Nd4 Qe4 26. b3 c6 27.
Qd3 Bd7 28. Qxe4 fxe4 29. Kc1 b6 30. b4 a5 31. c3 bxc5 32. bxc5 Kc7 33. a4 Bg4
34. f3 exf3 35. gxf3 Bc8 36. Rg2 Rh3 37. Kd2 Ba6 38. Nb3 Rxf3 39. Rh2 Bc8 40.
Rh7+ Bd7 41. Nd4 Rf2+ 42. Ke1 Ra2 43. Ne6+ Kc8 44. Rh8+ Kb7 45. Rh7 Kc8 46. Rh8+
Kb7 47. Rh7 1/2-1/2

[Event "51st Groningen Open A 2013"]
[Site "Groningen NED"]
[Date "2013.12.28"]
[Round "7.30"]
[White "Christiansen, Johan-Sebastian"]
[Black "Mager, Denis"]
[Result "1-0"]
[WhiteElo "2217"]
[BlackElo "2060"]
[WhiteFideId "1512668"]
[BlackFideId "24691127"]
[EventDate "2013.12.21"]

1. c4 g6 2. Nc3 Bg7 3. g3 c5 4. Bg2 Nc6 5. Nf3 e6 6. d3 Nge7 7. Bg5 h6 8. Bd2
O-O 9. Qc1 Kh7 10. a3 d5 11. Rb1 a5 12. O-O b6 13. Nb5 Ba6 14. e3 Rc8 15. Qc2
Qd7 16. Rfd1 Bxb5 17. cxb5 Nd8 18. a4 Nb7 19. Be1 Nd6 20. Qe2 e5 21. Bd2 Qe6 22.
h4 f5 23. Bc3 Rfe8 24. Re1 Rcd8 25. Bh3 e4 26. Nh2 d4 27. exd4 cxd4 28. Bd2 Qb3
29. Bf4 Nd5 30. Bxd6 Rxd6 31. h5 Nf6 32. hxg6+ Kxg6 33. dxe4 Rxe4 34. Qf3 Qd5
35. Red1 Nd7 36. Bg2 Qe6 37. Qa3 Re2 38. Nf3 Kh7 39. Bf1 Re4 40. Nd2 Rg4 41. Bh3
Rg6 42. Qf3 Rf6 43. Re1 Qd5 44. Qf4 Rf8 45. Re7 Nc5 46. Bg2 Ne6 47. Qh4 Qc5 48.
Re1 Ng5 49. Nf3 Nxf3+ 50. Bxf3 d3 51. Kg2 Qd4 52. Qh5 Qf6 53. Rb7 d2 54. Ree7
Rg8 55. Bd1 Qg5 56. Qe2 Kh8 57. Bb3 f4 58. Qc4 Rd5 59. Qe2 Rd6 60. Bd1 Qd5+ 61.
Qf3 fxg3 62. Qxd5 Rxd5 63. fxg3 Re5 64. Rxe5 Bxe5 65. Rxb6 Rxg3+ 66. Kf1 Rh3 67.
Ke2 Bf4 68. Rf6 Bg5 69. Rf1 Kg7 70. Bc2 Rh4 71. Kd3 Rb4 72. b3 h5 73. Bd1 h4 74.
Kc2 Rd4 75. Kc3 Re4 76. Kc2 Re1 77. Rf5 Rg1 78. b6 Bd8 79. b7 Bc7 80. Rc5 Bf4
81. Rc4 Bb8 82. Rxh4 Rg6 83. Rd4 Rb6 84. Bf3 Kf7 85. Rxd2 Ke6 86. Rd8 Bc7 87.
Ra8 Rb4 88. Bc6 Rb6 89. Bf3 Rb4 90. Rh8 Kd6 91. Rh7 Bb8 92. Be2 Kc6 93. Bf3+ Kb6
94. Rh5 Bc7 95. Rh8 Kc5 96. Ra8 Kd6 97. Kc3 Kd7 98. Ra6 Be5+ 99. Kc2 Bc7 100.
Bc6+ Kd8 101. Bb5 Bb8 102. Rxa5 Kc7 103. Bd3 Kxb7 104. Rh5 Rf4 105. Rh7+ Kb6
106. Rh6+ Kc5 107. Rh5+ Kd4 108. Rh2 Rf3 109. Rh1 Bf4 110. Bc4 Rf2+ 111. Kd1 Kc3
112. Ke1 Rf3 113. Ke2 Re3+ 114. Kf1 Bc7 115. Rh7 Ba5 116. Rh5 Bb4 117. a5 Kd4
118. Rd5+ Ke4 119. a6 Kf3 120. Be2+ Kg3 121. a7 Re8 122. Rd3+ Kf4 123. Rd4+ 1-0

[Event "51st Groningen Open A 2013"]
[Site "Groningen NED"]
[Date "2013.12.28"]
[Round "7.31"]
[White "De Groot, Hendrik"]
[Black "Balje, Jan"]
[Result "0-1"]
[WhiteElo "2063"]
[BlackElo "2198"]
[WhiteFideId "1037021"]
[BlackFideId "1004085"]
[EventDate "2013.12.21"]

1. b3 d5 2. Bb2 Nf6 3. e3 c6 4. c4 Bf5 5. Nf3 e6 6. Be2 Nbd7 7. O-O h6 8. d3 Be7
9. Nbd2 O-O 10. Re1 a5 11. a3 Bh7 12. Rc1 Qb6 13. Bf1 Rfd8 14. Qe2 a4 15. b4 Qc7
16. e4 dxe4 17. dxe4 e5 18. c5 Re8 19. g3 Bf8 20. Bh3 b6 21. Bxd7 Nxd7 22. cxb6
Qxb6 23. Nc4 Qb5 24. Kg2 c5 25. bxc5 Nxc5 26. Nfd2 Rad8 27. Rb1 Nd3 28. Red1
Nxb2 29. Rxb2 Qc5 30. f3 Rb8 31. Rdb1 Rxb2 32. Rxb2 Rd8 33. Qf2 f6 34. Qxc5 Bxc5
35. Kf1 Bg6 36. Rb5 Bxa3 37. Ke2 Be7 38. Ra5 Be8 39. h4 Bb4 40. Rd5 Rxd5 41.
exd5 a3 42. Nxa3 Bxa3 43. Ke3 Bc1 44. Ke4 Bxd2 45. g4 Bg6# 0-1

[Event "51st Groningen Open A 2013"]
[Site "Groningen NED"]
[Date "2013.12.28"]
[Round "7.32"]
[White "Klapwijk, Bram"]
[Black "Schoehuijs, Erik"]
[Result "1-0"]
[WhiteElo "2039"]
[BlackElo "2180"]
[WhiteFideId "1009133"]
[BlackFideId "1004425"]
[EventDate "2013.12.21"]

1. e4 e5 2. Nf3 Nc6 3. Bb5 d6 4. Qe2 Bd7 5. c3 Nf6 6. d3 Be7 7. Nbd2 O-O 8. h3
Nh5 9. Nf1 Nf4 10. Bxf4 exf4 11. d4 Re8 12. Bd3 Bf8 13. O-O-O d5 14. Qc2 dxe4
15. Bxe4 g6 16. N1d2 a5 17. h4 a4 18. h5 Bg7 19. hxg6 hxg6 20. Rh4 Ra5 21. Rdh1
Qf6 22. Nc4 Bf5 23. Rxf4 Bxe4 24. Rxe4 Raa8 25. Rxe8+ Rxe8 26. Qxa4 Qf4+ 27. Ne3
g5 28. Qb5 g4 29. Qxb7 Nd8 30. Qb5 Rxe3 31. fxe3 Qxe3+ 32. Nd2 Bf6 33. Qf5 Bg5
34. Rd1 g3 35. Qf3 Ne6 36. Kc2 Qf2 37. Qxf2 gxf2 38. Ne4 Bh4 39. Rf1 Nf4 40.
Nxf2 1-0

[Event "51st Groningen Open A 2013"]
[Site "Groningen NED"]
[Date "2013.12.28"]
[Round "7.33"]
[White "Zakhartsov, Vladimir"]
[Black "Vereggen, Lars"]
[Result "1-0"]
[WhiteElo "2358"]
[BlackElo "2147"]
[WhiteFideId "4145097"]
[BlackFideId "1029258"]
[EventDate "2013.12.21"]

1. e4 c5 2. Nf3 d6 3. d4 cxd4 4. Nxd4 Nf6 5. Nc3 Nc6 6. f3 e5 7. Nb3 h6 8. Be3
Be7 9. Qd2 Be6 10. O-O-O a5 11. Bb5 O-O 12. Kb1 Na7 13. Be2 Nc6 14. a3 a4 15.
Nc1 Ra5 16. Bb5 Qa8 17. Qe2 Rc8 18. Bb6 Nd4 19. Bxd4 exd4 20. Rxd4 Qa7 21. Rhd1
Bf8 22. Rxa4 Rxc3 23. Rxa5 Qxa5 24. bxc3 d5 25. Nb3 Qxa3 26. e5 d4 27. Rxd4 Nd5
28. Qd2 Nb6 29. Rd8 Bxb3 30. cxb3 Kh7 31. Rxf8 Qxf8 32. Qd6 1-0

[Event "51st Groningen Open A 2013"]
[Site "Groningen NED"]
[Date "2013.12.28"]
[Round "7.34"]
[White "Molinaroli, Martin"]
[Black "Lee, Kai Jie Edward"]
[Result "1-0"]
[WhiteElo "2269"]
[BlackElo "2145"]
[WhiteFideId "4606604"]
[BlackFideId "5802920"]
[EventDate "2013.12.21"]

1. b3 Nf6 2. Bb2 b6 3. Nf3 Bb7 4. e3 g6 5. d4 Bg7 6. Bd3 O-O 7. Nbd2 c5 8. O-O
e6 9. c4 d6 10. Re1 Nc6 11. Rc1 Qe7 12. Bb1 Rfd8 13. Qe2 cxd4 14. exd4 d5 15. c5
Nd7 16. Nf1 bxc5 17. dxc5 Bxb2 18. Qxb2 Nxc5 19. h4 Nd7 20. Ne3 Qf6 21. Qa3 h5
22. Ng5 Nde5 23. Qa4 Rac8 24. f4 Ng4 25. Nxg4 hxg4 26. Rcd1 Kg7 27. Qb5 Rc7 28.
Qd3 Ne7 29. Qg3 Nf5 30. Qxg4 Rh8 31. Bxf5 exf5 32. Qg3 Rc2 33. Qd3 Rc3 34. Qd4
Qxd4+ 35. Rxd4 Kf6 36. Nf3 Rc2 37. a4 Rc3 38. Rb4 Ba8 39. Rd4 Rxb3 40. Rc1 1-0

[Event "51st Groningen Open A 2013"]
[Site "Groningen NED"]
[Date "2013.12.28"]
[Round "7.35"]
[White "Lopez, Jasel"]
[Black "Umudova, Nargiz"]
[Result "1-0"]
[WhiteTitle "CM"]
[BlackTitle "WIM"]
[WhiteElo "2179"]
[BlackElo "2255"]
[WhiteFideId "15900045"]
[BlackFideId "13402137"]
[EventDate "2013.12.21"]

1. d4 Nf6 2. c4 e6 3. Nc3 Bb4 4. e3 b6 5. Ne2 Bb7 6. a3 Be7 7. f3 d5 8. cxd5
exd5 9. Ng3 g6 10. Bb5+ c6 11. Bd3 Nbd7 12. O-O Nf8 13. b3 Ne6 14. Bb2 h5 15.
Nge2 h4 16. Qd2 Nh5 17. e4 dxe4 18. Nxe4 Nf6 19. Nxf6+ Bxf6 20. f4 h3 21. Be4
hxg2 22. Bxg2 Bg7 23. f5 gxf5 24. Rxf5 Qh4 25. h3 O-O-O 26. Qe3 Nxd4 27. Nxd4
Bxd4 28. Bxd4 Rxd4 29. Rxf7 Rg8 30. Qe6+ Kd8 31. Rxb7 Rxg2+ 32. Kxg2 Rd2+ 33.
Kh1 Qg5 34. Rb8+ Kc7 35. Qc8+ Kd6 36. Qd8+ 1-0

[Event "51st Groningen Open A 2013"]
[Site "Groningen NED"]
[Date "2013.12.28"]
[Round "7.36"]
[White "Lyell, Mark"]
[Black "Stolwijk, Colin"]
[Result "0-1"]
[WhiteTitle "FM"]
[WhiteElo "2247"]
[BlackElo "2041"]
[WhiteFideId "402354"]
[BlackFideId "1033743"]
[EventDate "2013.12.21"]

1. e4 c6 2. d4 d5 3. exd5 cxd5 4. c4 Nf6 5. Nc3 Nc6 6. Bg5 dxc4 7. Bxc4 e6 8.
Nf3 Be7 9. O-O O-O 10. a3 b6 11. Qd3 Bb7 12. Rad1 Nd5 13. Bc1 g6 14. Nxd5 exd5
15. Ba2 Bf6 16. Rfe1 Qd6 17. Bg5 Rad8 18. Qd2 Bc8 19. Bf4 Qd7 20. Ne5 Nxe5 21.
dxe5 Be7 22. Bh6 Rfe8 23. Qxd5 Qf5 24. Qc6 Bc5 25. Kh1 Qxf2 26. e6 Bxe6 27. Bxe6
fxe6 28. Qc7 Bf8 29. Bf4 Rc8 30. Bg3 Qxe1+ 31. Rxe1 Rxc7 32. Bxc7 Rc8 33. Bf4
Rc2 34. b4 Ra2 35. h3 Rxa3 36. Rxe6 Bxb4 37. Bh6 Kf7 38. Re2 Bd6 39. Rf2+ Ke6
40. Re2+ Kd7 41. Bg7 Rd3 42. Re1 Bg3 43. Ra1 a5 44. Kg1 a4 45. Kf1 b5 46. Ke2
Rb3 47. Kd2 Bd6 48. Rf1 Rg3 49. Rf2 b4 50. Kc2 b3+ 51. Kb1 a3 52. Rd2 Re3 53.
Rd1 Kc6 54. h4 Re2 55. g4 Be5 56. Bxe5 Rxe5 57. Rh1 h5 58. gxh5 gxh5 59. Kc1 Re2
60. Kb1 Kb5 61. Rf1 Rh2 62. Rf5+ Kc4 63. Rf4+ Kd5 64. Kc1 a2 0-1

[Event "51st Groningen Open A 2013"]
[Site "Groningen NED"]
[Date "2013.12.28"]
[Round "7.38"]
[White "Van Foreest, Lucas"]
[Black "Dijkhuis, Tycho"]
[Result "0-1"]
[WhiteElo "2120"]
[BlackElo "2202"]
[WhiteFideId "1039792"]
[BlackFideId "1036564"]
[EventDate "2013.12.21"]

1. d4 Nf6 2. c4 c5 3. d5 e6 4. Nc3 exd5 5. cxd5 d6 6. Nf3 g6 7. h3 Bg7 8. Bf4
O-O 9. e3 Na6 10. Be2 Nc7 11. O-O a6 12. a4 Rb8 13. a5 b5 14. axb6 Rxb6 15. b3
Re8 16. Rc1 Nb5 17. Na4 Rb7 18. Bh2 Bd7 19. Bc4 Ne4 20. Nd2 Nbc3 21. Nxc3 Nxc3
22. Qf3 Bb5 23. e4 Na2 24. Rc2 Nb4 25. Rcc1 Rbe7 26. Bf4 Rd7 27. Rfe1 Qh4 28. g3
Qxh3 29. Bxb5 axb5 30. Nf1 Bh6 31. Bxh6 Qxh6 32. Nh2 Qh5 33. Ng4 Kf8 34. Re3
Red8 35. Ra1 f5 36. Qf4 Re7 37. exf5 Nxd5 38. Qf3 Qxf5 39. Qxf5+ gxf5 40. Rf3
Rf7 41. Nh6 Rf6 42. Rxf5 Rxf5 43. Nxf5 Ne7 44. Nxe7 Kxe7 45. Ra5 b4 46. Kf1 Ke6
47. Ke2 Kd5 48. Ra7 Kd4 49. Re7 Kc3 50. Re3+ Kc2 51. Ke1 d5 52. f4 d4 53. Re5 c4 0-1